Firemná korešpondencia v praxi

Salvato in:
Dettagli Bibliografici
Autore principale: Bieliková, Alžbeta (Autore)
Natura: Libro
Lingua:Lingue slave
Pubblicazione: Žilina : Systém ekonomických a právnych informácií (SEPI), 1998
Soggetti:
Tags: Aggiungi Tag
Nessun Tag, puoi essere il primo ad aggiungerne!!

MARC

LEADER 00000nam a22000003a 4500
001 stu77110
005 20150617225645.1
008 020905s1998----xo------------------sla-d
020 |a 80-88961-19-X 
040 |a STU  |b slo 
041 0 |a sla 
044 |a xo 
080 |a 025.15 
080 |a 651.7 
100 1 |a Bieliková, Alžbeta  |4 aut 
245 1 |a Firemná korešpondencia v praxi 
260 |a Žilina :  |b Systém ekonomických a právnych informácií (SEPI),  |c 1998 
650 7 |a písomnosti-úpravy  |2 stusub 
650 7 |a korešpondencia obchodná  |2 stusub 
650 7 |a korešpondencia firemná  |2 stusub 
996 |b 284M050526  |c M*10934-1  |l MMST  |s P  |a 0  |w stu77110_0001